000 00526nam a2200157Ia 4500
005 20250508151453.0
008 008 250505s9999 xx 000 0 eng d
037 _aBooks to be hide in OPAC
040 _aFEDL
_beng
_cFEDL
041 _aeng
_2eng
084 _a720.954, IND/O
_qFEDL
245 0 _aTypes of modern Indian buildings at Delhi, Agra, Allahabad, Lucknow, Ajmer, Bhopal, Bikanir, Gwalior, Jaipur, Jodhpur and Udaipur
260 _c1913
942 _cHB
_h720.954, IND/O
999 _c1330017
_d1330017